000 00371nam a2200169Ia 4500
100 _aMishra/B.N/ Mishra/B.K
650 _aOptimization
942 _cBK
366 _f20
654 _aoptimization
245 _aOptimization:Linear Programming
260 _bAne Books
_c2012
082 _a519.3
_bMIS
300 _a308
546 _aENGLISH
_cInfo.Tech
999 _c31279
_d31279